La Transformación del Estado y la política en el proceso de globalización /
Con el surgimiento de actores internacionales no estatales, aunque no solo por ellos, la política internacional se ha convertido en global. Las esferas de influencia de los Estados también se encuentran bajo revisión práctica y política. Si se entiende la gobernabilidad global como un proyecto norma...
Uloženo v:
| Hlavní autor: | |
|---|---|
| Médium: | Text |
| Témata: | |
| Tagy: |
Přidat tag
Žádné tagy, Buďte první, kdo vytvoří štítek k tomuto záznamu!
|
MARC
| LEADER | 00000 a a2200000 04500 | ||
|---|---|---|---|
| 001 | 10608 | ||
| 003 | |||
| 040 | |||
| 100 | |a Messner, Dirk | ||
| 245 | |a La Transformación del Estado y la política en el proceso de globalización / |c Dirk Messner | ||
| 520 | |a Con el surgimiento de actores internacionales no estatales, aunque no solo por ellos, la política internacional se ha convertido en global. Las esferas de influencia de los Estados también se encuentran bajo revisión práctica y política. Si se entiende la gobernabilidad global como un proyecto normativo, basado en la cooperación internacional, la conciliación de intereses y la justicia, deberían desarrollarse los mecanismos para tematizar y combatir los problemas globales que están en el "ángulo muerto" del horizonte de los actores globales fuertes. Doc/PAG | ||
| 650 | |a GLOBALIZACION | ||
| 650 | |a ESTADO | ||
| 650 | |a POLITICA | ||
| 650 | |a LIBERALIZACION DEL INTERCAMBIO | ||
| 650 | |a SISTEMAS POLITICOS | ||
| 773 | |g número 163; páginas 71-91 | ||
| 999 | |c 26852 |d 26852 | ||
